000 00582nas a22001457a 4500
999 _c1147
_d1147
008 130214t20009999sp ||||| |||| 00| 0 spa d
022 _a0213-3717
245 _aApunts Medicina de l'esport
_cConsell Catalá de l'Esport
260 _aBarcelona
_bConsell Catalá de l'Esport, Generalitat de Catalunya
_c2000
300 _av.
546 _aespañol/catalán
590 _aExistencias: 2000 (132,133); 2001 (135,136); 2003 (141,142); 2004 (143,144); 2005 (146,147); 2006 (148) BAJA DEPOSITO (CAJA 19- VOL39 2005/06) MAYO 2019
650 _aMedicina del deporte
_91876
942 _2ddc
_cCR